000 00342nam a2200157Ia 4500
001 32046
003 IN-NITTTR
005 20251114233427.0
008 251113s9999||||xx |||||||||||||| ||eng||
040 _beng
040 _cIN-NITTTR
041 _aeng
082 _a006.6 H34C
245 0 _aComputer Graphics - C version /
942 _2ddc
_cBK
999 _c34676
_d34676